| 000 | 01672nam a22002657a 4500 | ||
|---|---|---|---|
| 008 | 240426t2018 at |||||o|||| 00| 0 eng d | ||
| 020 | _a9781783213238 | ||
| 041 | _aeng | ||
| 100 | _aFunge, James | ||
| 110 | _aRoyal Institution of Chartered Surveyors | ||
| 245 |
_aRICS and global cost and commercial management of construction – Australia _bRICS Guidance Note= _h[Electronic resource] |
||
| 250 | _a1st Edition | ||
| 260 |
_aLondon, _bRoyal Institution of Chartered Surveyors, _cSeptember 2018 |
||
| 300 | _a62p | ||
| 490 | _aRICS Black Book | ||
| 490 | _aRICS Guidance Note | ||
| 520 | _aThe role of a commercial manager and the functions performed play a critical part in the commercial and financial success of a construction project, or of any other business. This guidance note outlines the role of commercial management in construction, providing a framework of guidance covering the most common tasks that a commercial manager will perform on a construction project. This guidance note is effective from September 2018 (see separate UK one effective 2016). Included in this guidance note are: a practical guide to contract administration for a cost/value reconciliation and forecast model a template risks and opportunities register. | ||
| 650 | _aCommercial Management | ||
| 650 | _aConstruction | ||
| 651 | _aAustralia | ||
| 690 |
_96230 _aConstruction management |
||
| 710 | _aRoyal Institution of Chartered Surveyors | ||
| 856 |
_uhttps://www.rics.org/profession-standards/rics-standards-and-guidance/sector-standards/construction-standards/black-book/commercial-management-of-construction _zAvailable free on RICS.org |
||
| 942 | _n0 | ||
| 999 |
_c121921 _d121921 |
||